| 000 | 01019nam a22003017a 4500 | ||
|---|---|---|---|
| 001 | 4967 | ||
| 003 | FISKH | ||
| 005 | 20241028160227.0 | ||
| 008 | 241028b cb ||||| |||| 00| 0 eng d | ||
| 020 | _a9780590331272 | ||
| 040 |
_aFISKH _beng _cFISKH _dFISKH |
||
| 050 | _aPZ7.K883 | ||
| 082 | _a813.54 | ||
| 100 |
_aKrensky, Stephen _d(1953-) |
||
| 245 |
_aWe just moved! / _cby Stephen Krensky Illustrated by Larry DiFiori |
||
| 250 | _aFirst printing in 1998 | ||
| 260 |
_aNew York : _bScholastic, _c1998. |
||
| 300 |
_a29 pages : _bColor illustrations ; _c23 cm |
||
| 505 | _aJ | ||
| 520 | _aWhen a boy moves with his family to a bigger castle, he finds that some things about life in the new place are different, some things are the same, and he gets more comfortable the longer he is there. | ||
| 521 | 8 |
_a480L
_bLexile |
|
| 521 | 8 |
_aJ
_bRaz-plus |
|
| 650 |
_2Moving _aFiction |
||
| 650 |
_2Easy reader _aFamily |
||
| 700 |
_aDiFiori, Larry _dIllustrator |
||
| 942 |
_2ddc _cBK _n0 |
||
| 999 |
_c4967 _d4967 |
||